| 000 | 00964nas a2200337 4500 | ||
|---|---|---|---|
| 001 | BR0205158 | ||
| 003 | BR-BrBNA | ||
| 005 | 20231205103319.0 | ||
| 007 | ta | ||
| 008 | 230509b bl.|||p| |||| 00| 00por d | ||
| 040 |
_aBR-BrBNA _bpor _cBiblioteca Nacional de Agricultura |
||
| 041 | _a(En) | ||
| 072 | _aL51 | ||
| 100 | 1 | _aCampos, F.P. de | |
| 100 | 1 | _aSampaio, A.A.M. | |
| 100 | 1 | _aVieira, P. de F. | |
| 100 | 1 | _aBose, M.L.V. | |
| 100 | 1 | _aSarmento, P. | |
| 245 | 1 | _aRuminal parameters analysed in remaining digestion residue of roughages in the vitro/gas system | |
| 650 | _aBOVINO | ||
| 650 | _aVOLUMOSOS | ||
| 650 | _aCAPIM ELEFANTE | ||
| 650 | _aSILAGEM | ||
| 650 | _aMILHO | ||
| 650 | _aCANA DE AÇÚCAR | ||
| 650 | _aRUMINAÇÃO | ||
| 650 | _aDIGESTÃO | ||
| 773 | 0 |
_tScientia Agricola (Brazil) _xISSN 0103-9016 _g(Jul-Sep 2002), v. 59(3) p. 573-579 _wBR0205158 |
|
| 909 |
_a202311 _bLúcia _c55 _dLúcia Elande |
||
| 942 |
_2AGRIS _n0 _cANA |
||
| 999 |
_c172224 _d172224 |
||